00294nam a2200109Ia 4500008004100000082001500041100001900056245003700075260003800112300001000150650002400160191201s2019 xx 000 0 und d a615.19 PAS aPanchal, Ishan 0aSynthesis in Medicinal Chemistry bNirali PrakashanaNew Delhic2019 aMisc. aMedicinal Chemistry